[Event "DEM U12/U12w 2000"]
[Site "Überlingen GER"]
[Date "2000.06.04"]
[Round "2"]
[White "Walker, Maria"]
[Black "Frübing, Stefan"]
[Result "0-1"]
[Termination "normal"]
[Board "24"]
[WhiteElo "844"]
[BlackElo "1724"]
[PlyCount "87"]
[BlackFideId "4682165"]
[EventCountry "GER"]
[EventRounds "11"]
[EventType "swiss"]
[EventDate "2000.06.03"]

1. e4 c5 2. Nf3 Nc6 3. d4 cxd4 4. Nxd4 g6 5. Nc3 Bg7 6. Be3 Nf6 7. Be2 O-O 8.
O-O d5 9. exd5 Nb4 10. Qd2 Nbxd5 11. Nxd5 Nxd5 12. Bh6 b6 13. Bxg7 Kxg7 14.
Rad1 Bb7 15. c4 Nf6 16. Qc3 Qc7 17. Rfe1 a6 18. Bg4 e5 19. Be2 exd4 20. Qxd4
Rad8 21. Qc3 Rxd1 22. Rxd1 Rd8 23. Re1 Qf4 24. Qb4 Qd2 25. Qxd2 Rxd2 26. b3
Rxa2 27. Bd3 Rd2 28. Be2 Rb2 29. Bd1 Ne4 30. f3 Nc3 31. Kf1 Kf6 32. Be2 Nxe2
33. Rxe2 Rxe2 34. Kxe2 Ke5 35. Kd3 a5 36. Ke3 Bc8 37. f4+ Kd6 38. Ke4 Bf5+ 39.
Kf3 Bc2 40. Ke3 Bxb3 41. Kd4 a4 42. Kc3 Kc5 43. Kb2 Kxc4 44. Ka3 0-1

[Event "DEM U12/U12w 2000"]
[Site "Überlingen GER"]
[Date "2000.06.04"]
[Round "2"]
[White "Ehrhardt, Eric"]
[Black "Reiske, Anne"]
[Result "1/2-1/2"]
[Termination "normal"]
[Board "25"]
[WhiteElo "1022"]
[BlackElo "1337"]
[PlyCount "41"]
[WhiteFideId "24602450"]
[BlackFideId "24635472"]
[EventCountry "GER"]
[EventRounds "11"]
[EventType "swiss"]
[EventDate "2000.06.03"]

1. e4 e5 2. d4 exd4 3. c3 dxc3 4. Bc4 d6 5. Nxc3 Nf6 6. Bg5 Be7 7. h3 h6 8. Bh4
Nc6 9. Nf3 O-O 10. O-O Ne5 11. Nxe5 dxe5 12. Qe2 c6 13. Rad1 Qc7 14. f4 exf4
15. e5 Bc5+ 16. Kh1 Nh7 17. e6 fxe6 18. Bxe6+ Bxe6 19. Qxe6+ Qf7 20. Qe5 Qf5
21. Qe2 1/2-1/2

[Event "DEM U12/U12w 2000"]
[Site "Überlingen GER"]
[Date "2000.06.04"]
[Round "2"]
[White "Bayer, Marius"]
[Black "Scholz, Katharina"]
[Result "1/2-1/2"]
[Termination "normal"]
[Board "26"]
[WhiteElo "1234"]
[BlackElo "750"]
[PlyCount "101"]
[EventCountry "GER"]
[EventRounds "11"]
[EventType "swiss"]
[EventDate "2000.06.03"]

1. e4 e5 2. f4 exf4 3. Nf3 Nc6 4. d4 d6 5. Bc4 Bg4 6. O-O Nf6 7. Nc3 Qd7 8.
Bxf4 O-O-O 9. Bb5 a6 10. Ba4 Qe7 11. Bxc6 bxc6 12. Qd3 Kb7 13. a4 c5 14. Ra3
Qd7 15. Rb1 Bxf3 16. Qxf3 Ka7 17. b4 cxb4 18. e5 dxe5 19. dxe5 Rb8 20. Rab3 Be7
21. exf6 gxf6 22. Nb5+ axb5 23. axb5 Bc5+ 24. Kh1 Rxb5 25. Ra1+ Kb6 26. Be3 Rd8
27. Qxf6+ Qd6 28. Bxc5+ Kxc5 29. Qf2+ Qd4 30. Qxd4+ Rxd4 31. c3 bxc3 32. Rxc3+
Kd6 33. Kg1 Rd2 34. Rh3 Rbb2 35. g3 Ke7 36. Rxh7 Ke6 37. Re1+ Kf6 38. h4 Rg2+
39. Kh1 Rh2+ 40. Kg1 Rbg2+ 41. Kf1 Rxg3 42. Re2 Rxe2 43. Kxe2 c5 44. Rh8 Rh3
45. Rh5 Kg6 46. Rxc5 Rxh4 47. Rc6+ Kg7 48. Kf3 Rh8 49. Kg4 Rf8 50. Kg5 f6+ 51.
Kf5 1/2-1/2

[Event "DEM U12/U12w 2000"]
[Site "Überlingen GER"]
[Date "2000.06.04"]
[Round "2"]
[White "Scholtes, Benedikt"]
[Black "Schöttler, Katharina"]
[Result "1/2-1/2"]
[Termination "normal"]
[Board "27"]
[WhiteElo "1223"]
[BlackElo "668"]
[PlyCount "120"]
[WhiteFideId "24675423"]
[EventCountry "GER"]
[EventRounds "11"]
[EventType "swiss"]
[EventDate "2000.06.03"]

1. c4 e5 2. e4 Nf6 3. d3 c6 4. Nf3 d5 5. Qe2 Bg4 6. Bg5 Bc5 7. h3 Bh5 8. g4 Bg6
9. Nxe5 Qe7 10. Nxg6 fxg6 11. Bxf6 Qxf6 12. exd5+ Be7 13. dxc6 Nxc6 14. Nc3 Nd4
15. Nd5 Nxe2 16. Nxf6+ Bxf6 17. Bxe2 Bxb2 18. Rb1 Bc3+ 19. Kd1 b6 20. Kc2 Bd4
21. f4 O-O 22. Rhf1 Rae8 23. Kd2 Be3+ 24. Kd1 Rxf4 25. Rxf4 Bxf4 26. Rb5 Re3
27. Bf1 Rf3 28. Ke2 Rg3 29. Rd5 a6 30. c5 bxc5 31. Rxc5 Re3+ 32. Kd1 Re5 33.
Rxe5 Bxe5 34. Ke2 Kf7 35. Ke3 a5 36. d4 Bd6 37. Ke4 Ke6 38. Bc4+ Kf6 39. Kd5
Be7 40. Kc6 h5 41. d5 Ke5 42. Bd3 hxg4 43. hxg4 g5 44. Bb5 Bf8 45. a4 Bb4 46.
Ba6 Kf4 47. d6 Bxd6 48. Kxd6 Kxg4 49. Ke5 Kf3 50. Kf5 g4 51. Bb7+ Kg3 52. Ke4
Kf2 53. Kd4 g3 54. Kc4 g5 55. Kb5 g2 56. Bxg2 Kxg2 57. Kxa5 Kf1 58. Kb5 g4 59.
a5 g3 60. a6 g2 1/2-1/2

[Event "DEM U12/U12w 2000"]
[Site "Überlingen GER"]
[Date "2000.06.04"]
[Round "2"]
[White "Nolting, Christoph"]
[Black "Garzinsky, Dominik"]
[Result "1-0"]
[Termination "normal"]
[Board "28"]
[WhiteElo "1251"]
[BlackElo "648"]
[PlyCount "89"]
[EventCountry "GER"]
[EventRounds "11"]
[EventType "swiss"]
[EventDate "2000.06.03"]

1. Nf3 d5 2. d4 Nc6 3. Bf4 Bf5 4. e3 Nf6 5. Bb5 Bd7 6. Nc3 e6 7. a3 Bd6 8. Bxd6
cxd6 9. O-O O-O 10. Qd3 e5 11. Bxc6 Bxc6 12. dxe5 dxe5 13. Nxe5 Re8 14. Nxc6
bxc6 15. Rfe1 Rb8 16. b4 Qc7 17. h3 Re7 18. Re2 Rbe8 19. Rae1 Ne4 20. Nxe4 Rxe4
21. f3 Rh4 22. e4 g6 23. exd5 Rxe2 24. Qxe2 cxd5 25. Qe8+ Kg7 26. Qe5+ Qxe5 27.
Rxe5 Rd4 28. Re7 Rd1+ 29. Kf2 Rd2+ 30. Re2 Rd4 31. Ke3 Rd1 32. Rd2 Ra1 33. Rxd5
Rxa3+ 34. Rd3 Ra2 35. Rd2 Rb2 36. c3 Rb3 37. Kd4 Ra3 38. c4 Ra6 39. c5 Rc6 40.
Kd5 Rc8 41. Ra2 Rd8+ 42. Kc6 Rb8 43. b5 Rc8+ 44. Kd5 Kf6 45. Rxa7 1-0

[Event "DEM U12/U12w 2000"]
[Site "Überlingen GER"]
[Date "2000.06.04"]
[Round "2"]
[White "Donners, Ricardo"]
[Black "Dück, Stefan"]
[Result "0-1"]
[Termination "normal"]
[Board "29"]
[WhiteElo "884"]
[BlackElo "1740"]
[PlyCount "86"]
[BlackFideId "4681355"]
[EventCountry "GER"]
[EventRounds "11"]
[EventType "swiss"]
[EventDate "2000.06.03"]

1. e4 c5 2. Bc4 e6 3. Nc3 a6 4. a3 Nc6 5. d3 Qc7 6. f4 g6 7. Nf3 Bg7 8. O-O d6
9. Qe1 Nge7 10. Qg3 b5 11. Ba2 Bb7 12. Nh4 Nd4 13. Rf2 b4 14. axb4 cxb4 15. Ne2
Nxc2 16. Rb1 Nd4 17. Kh1 b3 18. Nxd4 bxa2 19. Ra1 Bxd4 20. Rf1 Rc8 21. Qe1 Qc2
22. Rxa2 Qxd3 23. Ra3 Qxe4 24. Qxe4 Bxe4 25. Ra4 Bd3 26. Rd1 Be2 27. Raxd4 Bxd1
28. Rxd1 Nd5 29. g3 Ke7 30. Re1 Rc2 31. f5 e5 32. Bg5+ Kd7 33. Rd1 Rc5 34. Bd2
Rhc8 35. b4 Rb5 36. fxg6 fxg6 37. Nf3 Rf8 38. Kg2 Rf5 39. g4 Nf4+ 40. Kg3 Rf8
41. Kf2 h6 42. Bc3 Nd5 43. Bxe5 dxe5 0-1

[Event "DEM U12/U12w 2000"]
[Site "Überlingen GER"]
[Date "2000.06.04"]
[Round "2"]
[White "Becker, Nils"]
[Black "Klink, Otto"]
[Result "0-1"]
[Termination "normal"]
[Board "30"]
[WhiteElo "1178"]
[BlackElo "882"]
[PlyCount "82"]
[WhiteFideId "4695216"]
[EventCountry "GER"]
[EventRounds "11"]
[EventType "swiss"]
[EventDate "2000.06.03"]

1. e4 c5 2. Nf3 Nc6 3. d4 cxd4 4. Nxd4 g6 5. Nc3 Bg7 6. Be3 Nf6 7. Bc4 O-O 8.
Bb3 Qa5 9. f3 Rd8 10. Qd2 d6 11. O-O-O Bd7 12. Nce2 Rac8 13. Bh6 Rc7 14. h4
Rdc8 15. Bxg7 Kxg7 16. g4 Ne5 17. Rdf1 Bb5 18. Nxb5 Qxb5 19. Nd4 Qb6 20. c3 Nc4
21. Bxc4 Rxc4 22. Nb3 a5 23. a3 Qxb3 24. h5 Rxc3+ 25. bxc3 Rxc3+ 26. Qxc3 Qxc3+
27. Kb1 Qxa3 28. hxg6 fxg6 29. Rf2 b5 30. Rfh2 Qxf3 31. g5 Nh5 32. Rc1 Qxe4+
33. Rhc2 b4 34. Kb2 Qe5+ 35. Ka2 Qxg5 36. Rc7 Kf7 37. Rf1+ Nf6 38. Rd1 Qg2+ 39.
Kb1 Nd5 40. Rc2 Qe4 41. Ka1 Qxc2 0-1

[Event "DEM U12/U12w 2000"]
[Site "Überlingen GER"]
[Date "2000.06.04"]
[Round "2"]
[White "Becker, Erik"]
[Black "Backes, Marco"]
[Result "0-1"]
[Termination "normal"]
[Board "31"]
[WhiteElo "1068"]
[BlackElo "842"]
[PlyCount "116"]
[WhiteFideId "4696921"]
[EventCountry "GER"]
[EventRounds "11"]
[EventType "swiss"]
[EventDate "2000.06.03"]

1. e4 e5 2. f4 exf4 3. Nf3 d6 4. Bc4 Nc6 5. d4 Nf6 6. Ng5 d5 7. exd5 Nxd5 8.
Qf3 Qxg5 9. Bxd5 Bf5 10. Bxf4 Nxd4 11. Qe3+ Qe7 12. Qxe7+ Bxe7 13. Bb3 Bxc2 14.
O-O Bxb3 15. axb3 Bc5 16. Kh1 O-O-O 17. Nd2 Ne2 18. Ne4 Nxf4 19. Nxc5 Nd3 20.
Nxd3 Rxd3 21. Rxa7 Kb8 22. Ra3 Rhd8 23. h3 f6 24. Kh2 b6 25. Rfa1 Kb7 26. Ra7+
Kc8 27. Rc1 R8d7 28. Re1 Kb8 29. Ra3 c5 30. Re6 Kb7 31. Re2 Rd2 32. Rxd2 Rxd2
33. Ra2 Kc6 34. Ra7 Rd7 35. Rxd7 Kxd7 36. Kg3 Kc6 37. Kf3 Kb5 38. Ke2 Kb4 39.
Kd2 Kxb3 40. Kc1 Ka2 41. Kc2 b5 42. g3 b4 43. g4 c4 44. h4 b3+ 45. Kc3 Kb1 46.
h5 h6 47. Kxc4 Kxb2 48. Kd5 Kc3 49. Ke6 b2 50. Kf7 b1=Q 51. Kxg7 Qg1 52. g5
Qxg5+ 53. Kf7 Kd4 54. Ke6 Qe5+ 55. Kf7 Kd5 56. Kg6 Ke6 57. Kxh6 Kf7 58. Kh7
Qxh5# 0-1

[Event "DEM U12/U12w 2000"]
[Site "Überlingen GER"]
[Date "2000.06.04"]
[Round "2"]
[White "Gossmann, Anna Maria"]
[Black "Kesten, Sebastian"]
[Result "1-0"]
[Termination "normal"]
[Board "32"]
[WhiteElo "820"]
[BlackElo "1047"]
[PlyCount "33"]
[BlackFideId "24616214"]
[EventCountry "GER"]
[EventRounds "11"]
[EventType "swiss"]
[EventDate "2000.06.03"]

1. e4 c5 2. Nf3 d6 3. d4 cxd4 4. Nxd4 Nf6 5. Nc3 g6 6. Be2 Bg7 7. Be3 O-O 8. f3
Nc6 9. O-O Bd7 10. Qd2 Rc8 11. Bf2 Qa5 12. Rad1 Qb4 13. Nb3 Be6 14. a3 Nxe4 15.
fxe4 Bxc3 16. bxc3 Qxa3 17. Ra1 1-0

[Event "DEM U12/U12w 2000"]
[Site "Überlingen GER"]
[Date "2000.06.04"]
[Round "2"]
[White "Aghadjanian, Aida"]
[Black "Slobodan, Nadja"]
[Result "1/2-1/2"]
[Termination "normal"]
[Board "33"]
[WhiteElo "1039"]
[BlackElo "766"]
[PlyCount "106"]
[EventCountry "GER"]
[EventRounds "11"]
[EventType "swiss"]
[EventDate "2000.06.03"]

1. e4 c6 2. d4 d5 3. Nc3 dxe4 4. Nxe4 Nf6 5. f3 Bf5 6. Nxf6+ exf6 7. Bc4 b5 8.
Bb3 Be6 9. Ne2 c5 10. Bxe6 fxe6 11. O-O cxd4 12. Nxd4 Bc5 13. Be3 e5 14. Nf5
Bxe3+ 15. Nxe3 Qb6 16. Qe2 Nc6 17. Kh1 Rd8 18. Rfd1 O-O 19. Nd5 Nd4 20. Qe4 Qc5
21. Nc3 b4 22. Ne2 Qxc2 23. Nxd4 Qxe4 24. fxe4 Rxd4 25. Re1 Rd2 26. Rab1 Rc8
27. Red1 Rcc2 28. h3 Rxb2 29. Rxd2 Rxb1+ 30. Kh2 Re1 31. Rd8+ Kf7 32. Rd7+ Kg6
33. Rxa7 Rxe4 34. Ra4 Kf5 35. Kg3 Ke6 36. a3 Kd5 37. axb4 Kd6 38. Kf3 f5 39. g4
g6 40. Ra6+ Kd5 41. b5 Rb4 42. Rb6 Kc5 43. Re6 e4+ 44. Kf4 Rxb5 45. gxf5 gxf5
46. Kxf5 e3 47. h4 Kd4+ 48. Kf4 Rb3 49. Re4+ Kd5 50. Re5+ Kd4 51. Re7 e2 52.
Rxe2 Rb7 53. Re4+ Kd3 1/2-1/2

[Event "DEM U12/U12w 2000"]
[Site "Überlingen GER"]
[Date "2000.06.04"]
[Round "2"]
[White "Riedel, Kristina"]
[Black "Roj, Michaela"]
[Result "1-0"]
[Termination "normal"]
[Board "34"]
[WhiteElo "765"]
[BlackElo "1028"]
[PlyCount "65"]
[WhiteFideId "24659282"]
[EventCountry "GER"]
[EventRounds "11"]
[EventType "swiss"]
[EventDate "2000.06.03"]

1. e4 e5 2. Nf3 Nc6 3. Nc3 Nf6 4. d4 exd4 5. Nxd4 Bb4 6. Bg5 h6 7. Bh4 g5 8.
Bg3 Nxe4 9. Nxc6 dxc6 10. Qxd8+ Kxd8 11. O-O-O+ Ke8 12. Nxe4 Bg4 13. Nf6+ Kf8
14. Nxg4 h5 15. Be5 Rh7 16. Bd3 f5 17. Ne3 Re7 18. Bf6 Re6 19. Bxg5 Rae8 20.
Bxf5 Re5 21. Bf4 R5e7 22. Bg6 Rb8 23. Bxh5 a5 24. Nf5 Rh7 25. g4 a4 26. a3 Bc5
27. f3 b5 28. Rhe1 b4 29. Re5 bxa3 30. Rde1 axb2+ 31. Kb1 a3 32. Re8+ Rxe8 33.
Rxe8# 1-0

[Event "DEM U12/U12w 2000"]
[Site "Überlingen GER"]
[Date "2000.06.04"]
[Round "2"]
[White "Tischer, Jana"]
[Black "Elstner, Eik"]
[Result "1-0"]
[Termination "normal"]
[Board "35"]
[WhiteElo "749"]
[BlackElo "1027"]
[PlyCount "57"]
[WhiteFideId "24617164"]
[BlackFideId "24605581"]
[EventCountry "GER"]
[EventRounds "11"]
[EventType "swiss"]
[EventDate "2000.06.03"]

1. e4 e5 2. Nf3 Nf6 3. Nxe5 Qe7 4. d4 d6 5. Nf3 Nxe4 6. Be2 d5 7. O-O Nc6 8.
Bf4 Bf5 9. Nc3 Nxc3 10. bxc3 g6 11. Bd3 Be6 12. Re1 Bg7 13. Ng5 O-O 14. Rb1
Rab8 15. Qd2 Na5 16. Rb5 b6 17. Rxd5 Qa3 18. Nxe6 fxe6 19. Rxe6 Qxa2 20. Be4
Rxf4 21. f3 Rff8 22. Rd7 Qxe6 23. Bd5 Qxd5 24. Rxd5 c6 25. Rd7 Rbd8 26. Rxa7 c5
27. Qe1 cxd4 28. Qe7 Nc6 29. Qxg7# 1-0

[Event "DEM U12/U12w 2000"]
[Site "Überlingen GER"]
[Date "2000.06.04"]
[Round "2"]
[White "Tovmasian, Nelli"]
[Black "Großmann, Susan"]
[Result "0-1"]
[Termination "normal"]
[Board "36"]
[WhiteElo "702"]
[BlackElo "1022"]
[PlyCount "80"]
[WhiteFideId "24611735"]
[BlackFideId "24608220"]
[EventCountry "GER"]
[EventRounds "11"]
[EventType "swiss"]
[EventDate "2000.06.03"]

1. e4 g6 2. Nf3 Bg7 3. d4 d6 4. Nc3 Nf6 5. Be3 O-O 6. Qd2 Nbd7 7. h4 c6 8.
O-O-O b5 9. e5 Ne8 10. exd6 Nxd6 11. b3 a5 12. Bh6 Nf6 13. Ne5 Qb6 14. Be3 Qb7
15. Be2 Be6 16. Bf3 Nd5 17. Bxd5 Bxd5 18. Nxd5 cxd5 19. Ng4 Nf5 20. f4 a4 21.
b4 Rac8 22. a3 Rc4 23. Ne5 Bxe5 24. fxe5 Rfc8 25. Kb1 Rxc2 26. Qe1 Nxe3 27.
Qxe3 Rxg2 28. Rc1 Rc4 29. Qf3 Rxc1+ 30. Rxc1 Rh2 31. Qg3 Re2 32. Qg4 Re4 33.
Qg3 Rxd4 34. h5 Qd7 35. hxg6 Qf5+ 36. Ka1 Qxg6 37. Rc8+ Kg7 38. Qf2 Rd1+ 39.
Kb2 Qb1+ 40. Kc3 Qb3# 0-1

[Event "DEM U12/U12w 2000"]
[Site "Überlingen GER"]
[Date "2000.06.04"]
[Round "2"]
[White "Herkt, Julia"]
[Black "Popovic, Nathalie"]
[Result "1/2-1/2"]
[Termination "normal"]
[Board "37"]
[WhiteElo "1015"]
[BlackElo "745"]
[PlyCount "124"]
[BlackFideId "24630292"]
[EventCountry "GER"]
[EventRounds "11"]
[EventType "swiss"]
[EventDate "2000.06.03"]

1. d4 d5 2. c4 e6 3. Nc3 Nf6 4. Bg5 Bb4 5. Qa4+ Nc6 6. e3 O-O 7. Nge2 Bd7 8.
Qc2 dxc4 9. a3 Be7 10. Ng3 a6 11. Bxc4 b5 12. Bd3 g6 13. O-O b4 14. axb4 Nxb4
15. Qe2 Nxd3 16. Qxd3 Bc8 17. Nce4 Bb7 18. b4 Bxe4 19. Nxe4 Nxe4 20. Bxe7 Qxe7
21. Qxe4 Qxb4 22. Rfb1 Qd6 23. Qb7 Kg7 24. Rc1 Rfc8 25. Rc6 Qd7 26. Raxa6 Rab8
27. Qxb8 Rxb8 28. Rc1 Rb6 29. Ra7 Rc6 30. Rb1 Qd6 31. h3 Rb6 32. Rc1 c6 33. Ra5
Kh6 34. Ra7 Kg7 35. Ra5 Kf6 36. Ra7 e5 37. dxe5+ Qxe5 38. Ra4 Kg7 39. Rac4 Qd6
40. e4 Ra6 41. e5 Qxe5 42. Rxc6 Ra2 43. R6c5 Qf4 44. R5c2 Rxc2 45. Rxc2 Qe4 46.
Rc1 h5 47. g3 h4 48. g4 Qf3 49. Re1 Qxh3 50. Re3 Qxg4+ 51. Kh1 h3 52. Rg3 Qd1+
53. Kh2 Qf1 54. Rxh3 Qxf2+ 55. Kh1 Kf6 56. Rb3 Kg5 57. Rg3+ Kf4 58. Rg4+ Ke3
59. Rg3+ Kf4 60. Rg4+ Kf5 61. Rg5+ Kf6 62. Rxg6+ fxg6 1/2-1/2

[Event "DEM U12/U12w 2000"]
[Site "Überlingen GER"]
[Date "2000.06.04"]
[Round "2"]
[White "Hammerich, Nadine"]
[Black "Muelenz, Claudius"]
[Result "0-1"]
[Termination "normal"]
[Board "38"]
[WhiteElo "675"]
[BlackElo "1015"]
[PlyCount "48"]
[EventCountry "GER"]
[EventRounds "11"]
[EventType "swiss"]
[EventDate "2000.06.03"]

1. e4 c5 2. Nf3 e6 3. Bc4 a6 4. d3 b5 5. Bb3 Bb7 6. Bf4 d5 7. Bxb8 Rxb8 8. exd5
exd5 9. c4 dxc4 10. dxc4 bxc4 11. Ba4+ Ke7 12. Qe2+ Kf6 13. Qe5+ Kg6 14. Bc2+
Kh6 15. Qf4+ g5 16. Nxg5 Qe7+ 17. Kf1 Bxg2+ 18. Kg1 Qxg5 19. Qg3 Qxg3 20. hxg3+
Bxh1 21. Kxh1 Rxb2 22. Na3 Bg7 23. Be4 Re2 24. Bd5 Bxa1 0-1

[Event "DEM U12/U12w 2000"]
[Site "Überlingen GER"]
[Date "2000.06.04"]
[Round "2"]
[White "Dathe, Fabian"]
[Black "Kessler, Paul"]
[Result "1-0"]
[Termination "normal"]
[Board "39"]
[WhiteElo "1004"]
[BlackElo "654"]
[PlyCount "41"]
[EventCountry "GER"]
[EventRounds "11"]
[EventType "swiss"]
[EventDate "2000.06.03"]

1. e4 e5 2. Nf3 Nc6 3. Nc3 Nf6 4. d4 exd4 5. Nxd4 Bb4 6. Nxc6 bxc6 7. Bd3 O-O
8. O-O d5 9. exd5 cxd5 10. Bg5 Qd6 11. Bxf6 Qxf6 12. Nxd5 Qd6 13. Nxb4 Qxb4 14.
b3 Re8 15. a3 Qd6 16. Qf3 Be6 17. Rfd1 Qe7 18. h3 Rad8 19. a4 Bd5 20. Bxh7+
Kxh7 21. Rxd5 1-0

[Event "DEM U12/U12w 2000"]
[Site "Überlingen GER"]
[Date "2000.06.04"]
[Round "2"]
[White "Laake, Jasmin"]
[Black "Glowna, Uwe"]
[Result "0-1"]
[Termination "normal"]
[Board "40"]
[WhiteElo "633"]
[BlackElo "1001"]
[PlyCount "96"]
[WhiteFideId "4699939"]
[EventCountry "GER"]
[EventRounds "11"]
[EventType "swiss"]
[EventDate "2000.06.03"]

1. e4 e6 2. d4 d5 3. e5 c5 4. Nf3 Nc6 5. Bb5 Bd7 6. Be3 Qb6 7. Bxc6 Bxc6 8. b3
cxd4 9. Nxd4 Qc7 10. f4 Bc5 11. Nxe6 fxe6 12. Bxc5 Bb5 13. Qd4 b6 14. Qb4 Qxc5
15. Qxc5 bxc5 16. Nc3 Ba6 17. O-O-O Ne7 18. g4 O-O 19. Na4 Rac8 20. f5 Be2 21.
Rd2 Bxg4 22. fxe6 Bxe6 23. Nc3 d4 24. Nb5 a6 25. Nd6 Rc6 26. Rdd1 Nf5 27. Ne4
Bd5 28. Rde1 Ne3 29. Rhg1 Bxe4 30. Re2 Bd5 31. c4 Bf3 32. Rf2 Ng2 33. Rgf1 Nh4
34. Kb2 Re6 35. Re1 h6 36. a3 a5 37. Ka1 Rf5 38. b4 axb4 39. axb4 Rexe5 40.
Rxe5 Rxe5 41. b5 d3 42. Rd2 Re1+ 43. Kb2 Be2 44. b6 Rf1 45. Ka2 Rf7 46. Rb2 Rb7
47. Ka3 Bd1 48. Rd2 Bc2 0-1

[Event "DEM U12/U12w 2000"]
[Site "Überlingen GER"]
[Date "2000.06.04"]
[Round "2"]
[White "Opaska, Ines"]
[Black "Weber, Julia"]
[Result "1-0"]
[Termination "normal"]
[Board "41"]
[WhiteElo "990"]
[BlackElo "452"]
[PlyCount "83"]
[EventCountry "GER"]
[EventRounds "11"]
[EventType "swiss"]
[EventDate "2000.06.03"]

1. c4 e5 2. Nc3 Bb4 3. Qb3 Bxc3 4. Qxc3 Nc6 5. b3 d6 6. Bb2 Be6 7. e3 Qf6 8. d4
exd4 9. exd4 d5 10. Nf3 O-O-O 11. Bd3 Re8 12. O-O Nh6 13. h3 Nf5 14. Bxf5 Qxf5
15. Rfe1 Qg6 16. Ne5 Nxe5 17. dxe5 b6 18. Re3 Rd8 19. Rg3 d4 20. Qf3 Qh6 21.
Bc1 g5 22. Bxg5 Qf8 23. Bxd8 Qxd8 24. Qa8+ Kd7 25. Qxd8+ Rxd8 26. Rd1 Kc6 27.
f4 Bf5 28. Rf3 Be4 29. Rf2 d3 30. Rfd2 Kc5 31. Kf2 Kb4 32. Ke3 f5 33. exf6 Re8
34. f7 Rf8 35. Kxe4 Rxf7 36. Rxd3 Rg7 37. g4 Ka3 38. Rf1 Kxa2 39. b4 Kb2 40.
Rf2+ Kc1 41. Rg3 Kd1 42. Rg1# 1-0

[Event "DEM U12/U12w 2000"]
[Site "Überlingen GER"]
[Date "2000.06.04"]
[Round "2"]
[White "Janiesch, Maike"]
[Black "Varbelow, Richard"]
[Result "1-0"]
[Termination "normal"]
[Board "42"]
[WhiteElo "465"]
[BlackElo "968"]
[PlyCount "129"]
[EventCountry "GER"]
[EventRounds "11"]
[EventType "swiss"]
[EventDate "2000.06.03"]

1. e4 c6 2. Nc3 d5 3. Nf3 Bg4 4. h3 Bh5 5. g4 Bg6 6. exd5 cxd5 7. Bb5+ Nc6 8.
Ne5 Qd6 9. Nxg6 hxg6 10. Qf3 e6 11. d3 Nf6 12. Bf4 Qd7 13. O-O-O O-O-O 14. Rhe1
Bd6 15. Bg5 Be7 16. Qe3 Qc7 17. Bf4 Bd6 18. Bxd6 Qxd6 19. Bxc6 Qxc6 20. Qxa7
Kd7 21. Re3 Ra8 22. Qd4 Rhc8 23. g5 Ne8 24. Rf3 f5 25. gxf6 Nxf6 26. Rg1 Rxa2
27. Kd2 Raa8 28. Rxg6 Rg8 29. Rfg3 Ne8 30. h4 Rd8 31. f4 Kc8 32. f5 Rd7 33.
fxe6 Rd6 34. Qe5 Qc5 35. Rf3 Qc7 36. Nb5 Qa5+ 37. Ke2 Qxb5 38. b3 Qc5 39. Kd2
Qa5+ 40. Kd1 Qb6 41. Rf7 Qc6 42. h5 Rd8 43. e7 Rd6 44. Rf8 Rxg6 45. hxg6 Qc7
46. Qxc7+ Kxc7 47. Rxg8 Kd7 48. Rh8 Kxe7 49. Rh5 Kd6 50. c4 dxc4 51. dxc4 Kc6
52. Kc2 Kc7 53. b4 b6 54. c5 b5 55. Re5 Kd8 56. c6 Nd6 57. Kd3 Kc7 58. Re7+
Kxc6 59. Rxg7 Nc4 60. Rh7 Ne5+ 61. Kd4 Nf3+ 62. Ke3 Ne5 63. g7 Ng4+ 64. Kf4 Nf6
65. Rh6 1-0

[Event "DEM U12/U12w 2000"]
[Site "Überlingen GER"]
[Date "2000.06.04"]
[Round "2"]
[White "Stelter, Christoph"]
[Black "Mayer, Carina"]
[Result "1-0"]
[Termination "normal"]
[Board "43"]
[WhiteElo "959"]
[BlackElo "401"]
[PlyCount "123"]
[EventCountry "GER"]
[EventRounds "11"]
[EventType "swiss"]
[EventDate "2000.06.03"]

1. e4 e5 2. Nf3 Nc6 3. Bc4 Bc5 4. c3 Nf6 5. d4 exd4 6. cxd4 Bb4+ 7. Bd2 Bxd2+
8. Nbxd2 O-O 9. O-O Qe8 10. Re1 d6 11. Rc1 a6 12. h3 b5 13. Bb3 Na5 14. d5 Nxb3
15. Qxb3 h6 16. Rxc7 Nh5 17. Rcc1 Qe7 18. e5 dxe5 19. Rxe5 Qf6 20. Rxh5 Qg6 21.
Re5 Bxh3 22. g3 Rfe8 23. Rxe8+ Rxe8 24. Qc2 Qxc2 25. Rxc2 Re2 26. Kh2 Bf5 27.
Rc6 Rxf2+ 28. Kg1 Re2 29. Nd4 Rxd2 30. Nxf5 Rxb2 31. Rxa6 g6 32. Nxh6+ Kg7 33.
Ng4 Rb4 34. Nf2 Kf8 35. Nd3 Rd4 36. Nf4 g5 37. Ne2 Rd2 38. Kf1 Rxd5 39. Ra5
Rf5+ 40. Kg2 Re5 41. Nd4 Rd5 42. Nxb5 Rd2+ 43. Kh3 Kg7 44. Nc3 Kg6 45. Ne4 Rd4
46. Rxg5+ Kh6 47. Rg4 Kh5 48. Nf6+ Kh6 49. Rxd4 Kg5 50. a4 Kxf6 51. a5 Ke5 52.
Rb4 Kd5 53. Rb8 Kc6 54. a6 Kc7 55. a7 Kd6 56. Re8 Kd5 57. a8=Q+ Kd4 58. Qd8+
Kc4 59. Re7 Kc5 60. Rc7+ Kb6 61. Qb8+ Ka6 62. Ra7# 1-0

[Event "DEM U12/U12w 2000"]
[Site "Überlingen GER"]
[Date "2000.06.04"]
[Round "2"]
[White "Stemmler, Lysan"]
[Black "Mader, Michael"]
[Result "1-0"]
[Termination "normal"]
[Board "44"]
[WhiteElo "447"]
[BlackElo "949"]
[PlyCount "99"]
[WhiteFideId "24622451"]
[BlackFideId "4696913"]
[EventCountry "GER"]
[EventRounds "11"]
[EventType "swiss"]
[EventDate "2000.06.03"]

1. Nf3 Nc6 2. g3 e5 3. d3 d5 4. Bg2 Nf6 5. Nbd2 Be7 6. O-O Be6 7. h3 Qd7 8. Kh2
O-O-O 9. Ng5 Bd6 10. Nxe6 Qxe6 11. e4 dxe4 12. Nxe4 h5 13. h4 Nxe4 14. Bxe4 f5
15. Bg2 f4 16. Bh3 fxg3+ 17. fxg3 Qxh3+ 18. Kxh3 Rdg8 19. Bg5 Nd4 20. Rf7 Ne6
21. Be7 g5 22. Bxd6 cxd6 23. Qh1 Nd8 24. Re7 Nc6 25. Rf7 Nd8 26. Rf6 gxh4 27.
gxh4 Kc7 28. Rg1 Rxg1 29. Qxg1 Rh7 30. Qxa7 Nc6 31. Qf2 Nd4 32. Rf7+ Rxf7 33.
Qxf7+ Kc6 34. Kg3 Nxc2 35. Qc4+ Kd7 36. Qxc2 d5 37. Qb3 Kc6 38. Qc3+ Kd6 39.
Qc8 e4 40. Qxb7 exd3 41. Kf4 d2 42. Qb4+ Kc6 43. Qxd2 d4 44. Ke5 d3 45. Qxd3
Kb6 46. Qd5 Ka7 47. Qb3 Ka8 48. Kd6 Ka7 49. Kc6 Ka8 50. Qb7# 1-0

[Event "DEM U12/U12w 2000"]
[Site "Überlingen GER"]
[Date "2000.06.04"]
[Round "2"]
[White "Brehmer, Johann Hinrich"]
[Black "Dietzen, Corinna"]
[Result "1-0"]
[Termination "normal"]
[Board "45"]
[WhiteElo "941"]
[BlackElo "385"]
[PlyCount "55"]
[BlackFideId "24621021"]
[EventCountry "GER"]
[EventRounds "11"]
[EventType "swiss"]
[EventDate "2000.06.03"]

1. d4 d5 2. c4 Nf6 3. cxd5 Qxd5 4. Nc3 Qa5 5. Nf3 Bf5 6. Bd2 e6 7. e4 Bg6 8.
Nd5 Bb4 9. Bxb4 Qb6 10. Nxb6 axb6 11. e5 Nd5 12. a3 Nc6 13. Bc3 O-O 14. Bb5 f6
15. Bxc6 bxc6 16. O-O fxe5 17. Nxe5 Be4 18. Re1 Bf5 19. Nxc6 Nf4 20. Ne7+ Kh8
21. Nxf5 Rxf5 22. d5 exd5 23. Qg4 Rf7 24. Bxg7+ Rxg7 25. Qxf4 Rf8 26. Qxf8+ Rg8
27. Qf6+ Rg7 28. Re8# 1-0

[Event "DEM U12/U12w 2000"]
[Site "Überlingen GER"]
[Date "2000.06.04"]
[Round "2"]
[White "Hahn, Eva-Katharina"]
[Black "Butschek, Tanja"]
[Result "0-1"]
[Termination "normal"]
[Board "46"]
[WhiteElo "392"]
[BlackElo "932"]
[PlyCount "38"]
[BlackFideId "24604640"]
[EventCountry "GER"]
[EventRounds "11"]
[EventType "swiss"]
[EventDate "2000.06.03"]

1. d4 d5 2. Nc3 Bf5 3. Nf3 Nc6 4. Bf4 a6 5. e3 Nb4 6. Rc1 Nf6 7. Be2 e6 8. O-O
Bd6 9. Be5 O-O 10. Ng5 h6 11. Nxe6 Bxe6 12. a3 Nc6 13. Bd3 Bxe5 14. Qf3 Bg4 15.
Qxg4 Nxg4 16. dxe5 Qh4 17. h3 Ngxe5 18. g3 Qxh3 19. Rfe1 Nf3# 0-1